Online
Catalog

Principios de microeconomía / (Record no. 22591)

MARC details
000 -CABECERA
campo de control de longitud fija 01139nam a2200313 a 4500
001 - NÚMERO DE CONTROL
campo de control 000023094
005 - FECHA Y HORA DE LA ÚLTIMA TRANSACCIÓN
campo de control 20240417183156.0
008 - DATOS DE LONGITUD FIJA--INFORMACIÓN GENERAL
campo de control de longitud fija 101126s1997 mx a 001 0 spa d
020 ## - NÚMERO INTERNACIONAL ESTÁNDAR DEL LIBRO
Número Internacional Estándar del Libro 9688808741
040 ## - FUENTE DE LA CATALOGACIÓN
Centro catalogador/agencia de origen DO-SdBNP
Lengua de catalogación spa
Centro/agencia transcriptor BNPHU
041 17 - CÓDIGO DE LENGUA
Código de lengua del texto/banda sonora o título independiente spa
Código de lengua original eng
Fuente del código Código de idiomas MARC
082 ## - NÚMERO DE LA CLASIFICACIÓN DECIMAL DEWEY
Número de clasificación 338.5
Número de documento/Ítem C337p, 1997
049 ## - FONDOS LOCALES (OCLC)
Fondos de biblioteca BNGR
100 1# - ENTRADA PRINCIPAL--NOMBRE DE PERSONA
Nombre de persona Case, Karl E.
9 (RLIN) 47545
245 10 - MENCIÓN DE TÍTULO
Título Principios de microeconomía /
Mención de responsabilidad, etc. Karl E. Case, Ray C. Fair ; traducción de Ángel Carlos González Ruiz ; revisión técnica de Julián Barquín Liaño.
250 ## - MENCIÓN DE EDICIÓN
Mención de edición 4a ed.
260 ## - PUBLICACIÓN, DISTRIBUCIÓN, ETC.
Lugar de publicación, distribución, etc. México :
Nombre del editor, distribuidor, etc. Pearson Educación,
Fecha de publicación, distribución, etc. 1997.
300 ## - DESCRIPCIÓN FÍSICA
Extensión 620, i-14 p. :
Otras características físicas il. ;
Dimensiones 27 cm.
500 ## - NOTA GENERAL
Nota general Incluye índice.
500 ## - NOTA GENERAL
Nota general Incluye un diccionario consiso de terminología económica.
534 ## - NOTA SOBRE LA VERSIÓN ORIGINAL
Encabezamiento principal del original Traducido del inglés de la obra :
Mención de título del original Principles of microeconomics
650 #0 - PUNTO DE ACCESO ADICIONAL DE MATERIA--TÉRMINO DE MATERIA
Término de materia o nombre geográfico como elemento de entrada Microeconomía
9 (RLIN) 22953
650 #4 - PUNTO DE ACCESO ADICIONAL DE MATERIA--TÉRMINO DE MATERIA
Término de materia o nombre geográfico como elemento de entrada Economía gerencial
9 (RLIN) 8305
650 #4 - PUNTO DE ACCESO ADICIONAL DE MATERIA--TÉRMINO DE MATERIA
Término de materia o nombre geográfico como elemento de entrada Teoría económica
9 (RLIN) 30923
700 1# - PUNTO DE ACCESO ADICIONAL--NOMBRE DE PERSONA
Nombre de persona Fair, Ray C.
9 (RLIN) 47546
700 1# - PUNTO DE ACCESO ADICIONAL--NOMBRE DE PERSONA
Nombre de persona González Ruiz, Ángel Carlos,
Término indicativo de función/relación tr.
9 (RLIN) 8969
700 1# - PUNTO DE ACCESO ADICIONAL--NOMBRE DE PERSONA
Nombre de persona Barquín Liaño, Julián,
Término indicativo de función/relación rev.
9 (RLIN) 47547
910 ## - DATOS DE OPCIÓN DEL USUARIO (OCLC)
Datos de opción del usuario WM
Holdings
Estado de retiro Estado de pérdida Restricciones de uso No para préstamo Código de colección Localización permanente Ubicación/localización actual Ubicación en estantería Fecha de adquisición Número de inventario Total de préstamos Signatura topográfica completa Código de barras Fecha visto por última vez Precio válido a partir de Tipo de ítem Koha
        Monografías: Libros y Folletos General General Depósito 26.11.2010 LF1   338.5 C337p, 1997 23094-10 25.06.2020 25.06.2020 Préstamo en sala

Powered by Koha